| 000 | 00755nam a2200241 i 4500 | ||
|---|---|---|---|
| 001 | 6995 | ||
| 003 | ES-MaACL | ||
| 005 | 20250804004816.0 | ||
| 007 | t| | ||
| 008 | 900720s1990 sp ||||1| spa d | ||
| 020 | _a84-206-0448-8 | ||
| 080 | _a539 | ||
| 245 | 0 | 0 |
_aSupercuerdas _b: ¿una teoria de todo? / _cedicion de P. C. W. Davies y J. Brown. |
| 260 |
_aMadrid : _bAlianza, _cD.L. 1990. |
||
| 300 |
_a288 p. ; _c18 cm. |
||
| 490 | 1 |
_alibro de bolsillo ; _v1448 |
|
| 650 | 1 | 4 |
_aSupercuerdas, Teoria de las. _917262 |
| 700 | 1 |
_aDavies, P. C. W., _edir. _9227842 |
|
| 700 | 1 |
_aBrown, Julian R. _932009 |
|
| 830 | 0 | 3 |
_aEl libro de bolsillo _v1448 _9177802 |
| 852 |
_aES-MaACL _jL-14185 _bR.118208 _z. - rust. |
||
| 999 |
_c6995 _d6995 |
||